Reshaping Economic Geography/ (Record no. 13638)
[ view plain ]
| 000 -LEADER | |
|---|---|
| fixed length control field | 01564cam a22003255a 4500 |
| 001 - CONTROL NUMBER | |
| control field | 15631203 |
| 005 - DATE AND TIME OF LATEST TRANSACTION | |
| control field | 20090813143025.0 |
| 008 - FIXED-LENGTH DATA ELEMENTS--GENERAL INFORMATION | |
| fixed length control field | 090219s2009 wauab |rb i001 0 eng |
| 010 ## - LIBRARY OF CONGRESS CONTROL NUMBER | |
| LC control number | 2009275780 |
| 020 ## - INTERNATIONAL STANDARD BOOK NUMBER | |
| International Standard Book Number | 0821376071 |
| 020 ## - INTERNATIONAL STANDARD BOOK NUMBER | |
| International Standard Book Number | 9780821376072 (pbk.) |
| 035 ## - SYSTEM CONTROL NUMBER | |
| System control number | (OCoLC)ocn301347970 |
| 040 ## - CATALOGING SOURCE | |
| Original cataloging agency | XFF |
| Transcribing agency | XFF |
| Modifying agency | DLC |
| 042 ## - AUTHENTICATION CODE | |
| Authentication code | lccopycat |
| 082 ## - DEWEY DECIMAL CLASSIFICATION NUMBER | |
| Edition number | 22 |
| Classification number | 330.9 |
| Item number | ECO |
| 245 00 - TITLE STATEMENT | |
| Title | Reshaping Economic Geography/ |
| Statement of responsibility, etc | The World Bank |
| 260 ## - PUBLICATION, DISTRIBUTION, ETC. (IMPRINT) | |
| Place of publication, distribution, etc | Washington, D.C. : |
| Name of publisher, distributor, etc | World Bank, |
| Date of publication, distribution, etc | c2009. |
| 300 ## - PHYSICAL DESCRIPTION | |
| Extent | xxiii, 383 p. : |
| Other physical details | col. ill., col. maps ; |
| Dimensions | 27 cm. |
| 490 ## - Series Statement | |
| Series statement | World development report ; |
| Volume/sequential designation | 2009 |
| -- | 29252 |
| 500 ## - GENERAL NOTE | |
| General note | " ... a product of the staff of the International Bank for Reconstruction and Development/The World Bank."--Verso of title page. |
| 504 ## - BIBLIOGRAPHY, ETC. NOTE | |
| Bibliography, etc | Includes bibliographical references (p. 305-329) and index. |
| 650 #0 - SUBJECT ADDED ENTRY--TOPICAL TERM | |
| Topical term or geographic name as entry element | Economic geography. |
| 9 (RLIN) | 12500 |
| 653 ## - INDEX TERM--UNCONTROLLED | |
| Resource For college | |
| Arrived date list | March2012 |
| 710 ## - ADDED ENTRY--CORPORATE NAME | |
| 9 (RLIN) | 12494 |
| Corporate name or jurisdiction name as entry element | World Bank. |
| 942 ## - ADDED ENTRY ELEMENTS (KOHA) | |
| Source of classification or shelving scheme | Dewey Decimal Classification |
| Item type | Book - Borrowing |
| Withdrawn status | Item status | Source of classification or shelving scheme | Damaged status | Not for loan | Vendor | Home library | Current library | Shelving location | Date acquired | Source of acquisition | Cost, normal purchase price | Serial Enumeration / chronology | Total Checkouts | Full call number | Barcode | Date last seen | Koha item type | Total Renewals | Date last borrowed |
|---|---|---|---|---|---|---|---|---|---|---|---|---|---|---|---|---|---|---|---|
| Dewey Decimal Classification | MERIC | Central Library | Central Library | First floor | 11/03/2010 | 93.10 | 10029 | 330.9 ECO | 000020160 | 15/07/2025 | Book - Borrowing | ||||||||
| Dewey Decimal Classification | Baccah | Central Library | Central Library | First floor | 07/03/2012 | 2 | 330.9 ECO | 000025919 | 15/07/2025 | Book - Borrowing | 1 | 27/08/2013 | |||||||
| Dewey Decimal Classification | Baccah | Central Library | Central Library | First floor | 11/04/2012 | 330.9 ECO | 000026623 | 15/07/2025 | Book - Borrowing |